[Event "Titled Tue 24th Jun Late"]
[Site "chess.com INT"]
[Date "2025.06.24"]
[Round "11"]
[White "Bluebaum, M."]
[Black "Chigaev, M."]
[Result "1-0"]
[WhiteElo "2663"]
[BlackElo "2635"]
[PlyCount "145"]
[EventDate "2025.06.24"]

1. d4 d5 2. c4 e6 3. Nc3 Be7 4. cxd5 exd5 5. Bf4 Nf6 6. e3 Bf5 7. Nf3 c6 8. Nh4 Be6 ({RR} 8... Bg6 9. Nxg6 hxg6 10. h3 Nbd7 11. Bd3 Nb6 12. Qc2 Bd6 13. O-O-O Bxf4 14. exf4 Qd6 15. Rde1+ Kf8 16. g3 Re8 17. Re5 Nfd7 18. Rxe8+ Kxe8 19. h4 Kd8 20. Qd2 Nf8 21. f5 gxf5 22. Qg5+ Qf6 23. Qxf6+ {Erigaisi,A (2775)-Anand,V (2743) Jerusalem ISR 2025 1-0 (45)}) 9. Bd3 Bd6 ({RR} 9... g6 10. Nf3 Nh5 11. Bh6 Nd7 12. h3 Bf8 13. Bxf8 Kxf8 14. g4 Ng7 15. Qb3 Qb6) ({RR} 9... Ne4 10. Nf3 Bf5 11. Qc2 Bb4 12. O-O Qe7 13. Ne5 f6 14. Nf3 O-O 15. Nh4 Bc8 16. Bxe4 dxe4 17. Qxe4 Qf7 18. Nf3 Be6 19. Qc2 Nd7 20. a3 Be7 21. h3 Rfe8 22. e4 Nb6 23. Rfe1 Rad8 24. Bg3 {Rustemov,A (2525)-Belov,A (2421) chess.com INT 2026 1-0 (54)}) ({RR} 9... Nbd7 10. h3 Ne4 11. Nf3 f5 12. Qc2 O-O 13. O-O Bf6 14. Ne2 a5 15. Bh2 Qe7 16. Rac1 Bf7 17. Rfe1 g5 18. Nd2 Bg6 19. Nc3 Bg7 20. f3 Nxd2 21. Qxd2 Rae8 22. Bb1 Nb6 23. b3 Qb4 24. Kh1 {Parkhov,Y (2489)-Chigaev,M (2616) Arad ROU 2023 0-1 (60)}) 10. Nf3 $146 ({RR} 10. O-O O-O 11. h3 Ne8 12. Nf3 Bxf4 13. exf4 Nd6 14. Re1 Qf6 15. Qd2 Bf5 16. Bxf5 Qxf5 17. Ne5 Na6 18. g4 Qc8 19. f5 Re8 20. Qf4 f6 21. Nd3 Qd7 22. b3 {½-½ (22) Greenfeld,A (2475)-Tifferet,S (2286) Israel 2025}) ({RR} 10. O-O O-O 11. h3 Ne8 12. Nf3 Bxf4 13. exf4 Nd6 14. Re1 Qf6 15. Qd2 Bf5 16. Bxf5 Qxf5 17. Ne5 Na6 18. g4 Qc8 19. f5 Re8 20. Qf4 f6 21. Nd3 Qd7 22. b3 {½-½ (22) Greenfeld,A (2475)-Tifferet,S (2286) Israel ISR 2025}) 10... O-O 11. Ne5 Qe7 12. O-O Nbd7 13. Bg3 Ne8 14. f4 f6 15. Bxh7+ Kxh7 16. Qh5+ Kg8 17. Ng6 f5 18. Nxe7+ Bxe7 19. Qe2 Nd6 20. Rab1 Rae8 21. a4 Bf6 22. Qd3 Bf7 23. b4 Nc4 24. Bf2 Nd6 25. Rfc1 Nb6 26. b5 Nbc4 27. bxc6 bxc6 28. Rb3 Bd8 29. Na2 Ne4 30. Be1 Nf6 31. Qe2 Bb6 32. Rd3 Bh5 33. Qf2 Ng4 34. Qh4 Bg6 35. Bf2 Re6 36. Nb4 Ba5 37. Nc2 Rb8 38. h3 Nf6 39. Ne1 Ne4 40. Nf3 Bd8 41. Ng5 Nxg5 42. fxg5 Bc7 43. Rdd1 Re4 44. g4 fxg4 45. hxg4 Rf8 46. Rf1 Rfe8 47. Bg3 Bd8 48. Bf4 Nxe3 49. Bxe3 Rxe3 50. Rce1 R3e4 51. Rxe4 Rxe4 52. Qg3 Bb6 53. Qb8+ Re8 54. Qf4 c5 55. Qd6 Be4 56. Qd7 Bg6 57. Qc6 Kh7 58. Rf3 cxd4 59. Rh3+ Kg8 60. Qxg6 d3+ 61. Kg2 Re2+ 62. Kf3 Re3+ 63. Kg2 Re2+ 64. Kg3 Re3+ 65. Kh4 d2 66. Rxe3 Bxe3 67. Qe8+ Kh7 68. Kh5 Bxg5 69. Qg6+ Kg8 70. Qe6+ Kh7 71. Qf5+ Kg8 72. Qxd5+ Kh7 73. Kxg5 1-0

[Event "Moscow Aeroflot op-A 15th"]
[Site "Moscow"]
[Date "2016.03.08"]
[Round "8"]
[White "Nepomniachtchi, Ian"]
[Black "Rakhmanov, Alexander"]
[Result "1/2-1/2"]
[WhiteElo "2704"]
[BlackElo "2650"]
[PlyCount "95"]
[EventDate "2016.03.01"]
[EventType "swiss"]
[EventRounds "9"]
[EventCountry "RUS"]
[SourceTitle "CBM 171"]
[Source "ChessBase"]
[SourceDate "2016.03.14"]
[SourceVersion "2"]
[SourceVersionDate "2016.03.14"]
[SourceQuality "1"]

1. d4 d5 2. c4 e6 3. Nc3 a6 4. cxd5 exd5 5. Qb3 Nc6 6. Nf3 Bb4 ({RR} 6... Nge7 7. Bg5 f6 8. Bf4 g5 9. Bg3 g4 10. Nh4 Nxd4 11. Qa4+ Nec6 12. e3 Nf5 13. Qxg4 Nxg3 14. Qxg3 Bd6 15. Qg7 Rf8 16. Qxh7 Qe7 17. Qh5+ Qf7 18. Qxf7+ Kxf7 19. Nxd5 Be6 20. Nc3 Nb4 21. Rc1 {Ismagilov,D (2173)-Wagner,D (2616) chess.com INT 2025 0-1 (47)}) 7. Bf4 Nge7 8. e3 h6 $146 ({RR} 8... O-O 9. Be2 Kh8 10. O-O Bd6 11. Bxd6 Qxd6 12. Rac1 Bg4 13. Rfd1 Rab8 14. Na4 Nd8 15. Nc5 c6 16. Qb4 Nc8 17. Qd2 Ne6 18. e4 dxe4 19. Nxe4 Qf4 20. Nc5 Qxd2 21. Rxd2 Nf4 22. Bd1 Nd6 23. h3 {Grandelius,N (2642)-Westerberg,J (2469) Stockholm 2017 ½-½ (41)}) ({RR} 8... Bf5 9. Be2 O-O 10. O-O Kh8 11. Rac1 Bd6 12. Bxd6 Qxd6 13. Na4 Nd8 14. Nc5 c6 15. Qc3 Bg4 16. Rfe1 Bxf3 17. Bxf3 f5 18. b4 Rb8 19. a4 Nf7 20. g3 Ng5 21. Bg2 Ne4 22. Qb2 Ng8 23. b5 {Svane,R (2573)-Rakhmanov,A (2676) Minsk 2017 ½-½ (52)}) ({RR} 8... Bf5 9. Be2 O-O 10. O-O Kh8 11. Ne5 Bd6 12. Nxc6 bxc6 13. Na4 Bxf4 14. exf4 Qd6 15. g3 Rfb8 16. Qc3 Qb4 17. b3 Qxc3 18. Nxc3 Rb4 19. Rfd1 a5 20. Na4 Re8 21. Rd2 Bh3 22. Bf1 Bxf1 23. Kxf1 {Lokander,M (2397)-Sagit,R (2429) Eskilstuna 2019 ½-½ (76)}) 9. Ne5 O-O 10. Be2 Nxe5 11. Qxb4 N5g6 12. Bg3 Nf5 13. Rc1 Re8 14. Na4 c6 15. Rc3 Qe7 16. Qxe7 Rxe7 17. Rb3 Nxg3 18. hxg3 Nf8 19. g4 Nd7 20. Rc3 Nf6 21. f3 Ne8 22. Nb6 Rb8 23. b4 Nd6 24. a4 Be6 25. Ra3 Nc8 26. Nxc8 Rxc8 27. Kd2 Ra8 28. Rha1 Kf8 29. b5 axb5 30. axb5 Rxa3 31. Rxa3 cxb5 32. Ra8+ Re8 33. Ra7 Re7 34. Bxb5 Rc7 35. Ra8+ Rc8 36. Ra5 Ke7 37. Bd3 Kd6 38. Rb5 Rb8 39. Ra5 Rc8 40. Bc2 Rc4 41. Bb3 Rc7 42. Rb5 Kc6 43. Ba4 b6 44. Rb2+ Kb7 45. Bb5 Bd7 46. Bd3 Rc8 47. Bf5 Rd8 48. Bd3 1/2-1/2

[Event "USA-ch"]
[Site "Saint Louis"]
[Date "2016.04.20"]
[Round "6"]
[White "Akobian, Varuzhan"]
[Black "Lenderman, Aleksandr"]
[Result "1/2-1/2"]
[WhiteElo "2615"]
[BlackElo "2618"]
[PlyCount "106"]
[EventDate "2016.04.14"]
[EventType "tourn"]
[EventRounds "11"]
[EventCountry "USA"]
[EventCategory "17"]
[SourceTitle "CBM 172"]
[Source "ChessBase"]
[SourceDate "2016.05.12"]
[SourceVersion "1"]
[SourceVersionDate "2016.05.12"]
[SourceQuality "1"]

1. d4 d5 2. c4 e6 3. Nc3 c6 4. e3 Nf6 5. b3 c5 6. Nf3 ({RR} 6. Bb2 cxd4 7. exd4 Nc6 8. Nf3 Bb4 9. Bd3 Ne4 10. Qc1 Nxc3 11. Bxc3 Qa5 12. Kd2 dxc4 13. bxc4 O-O 14. a3 Bxc3+ 15. Qxc3 Qc7 16. Rhd1 Qf4+ 17. Ke1 e5 18. dxe5 Bg4 19. Be2 Bxf3 20. Bxf3 Nxe5 {Carlsen,M (2847)-Dubov,D (2710) chess24.com INT 2021 ½-½}) ({RR} 6. cxd5 Nxd5 7. Nxd5 Qxd5 8. Nf3 cxd4 9. Bc4 Bb4+ 10. Ke2 Qd8 11. Qxd4 Qxd4 12. Nxd4 O-O 13. Bb2 Nd7 14. a3 Be7 15. Rhd1 Nb6 16. Bd3 Bf6 17. Be4 e5 18. Nb5 Be6 19. Rd3 Rad8 20. Rad1 Rxd3 {Sattarov,D (2134)-Timerkhanov,A (2275) St Petersburg RUS 2025 ½-½ (60)}) 6... cxd4 7. exd4 Bb4 8. Bd2 O-O $146 ({RR} 8... dxc4 9. Bxc4 O-O 10. O-O Nc6 11. a3 Bxc3 12. Bxc3 b6 13. Qe2 Bb7 14. Rfd1 Ne7 15. Ne5 Nfd5 16. Bb2 Ng6 17. Nxg6 hxg6 18. Qe5 Rc8 19. a4 Qd7 20. Rac1 Rfd8 21. h3 Qe7 22. Re1 Qb4 23. h4 {Carlsen,M (2850)-Dubov,D (2661) Berlin 2015 ½-½ (42)}) ({RR} 8... Nc6 9. Nb5 Bxd2+ 10. Qxd2 Ne4 11. Qe3 Qa5+ 12. Nd2 a6 13. cxd5 exd5 14. Nd6+ Kf8 15. N6xe4 dxe4 16. Bc4 Bf5 17. O-O Rd8 18. d5 Nb4 19. Qf4 Bg6 20. Nxe4 Nxd5 21. Qf3 Nb6 22. Rad1 Nxc4 23. bxc4 {Emujin Enkh-Amgalan (2008)-Biag,I (2304) chess.com INT 2024 1-0 (32)}) 9. a3 Be7 10. c5 Nc6 11. Bd3 e5 12. dxe5 Ng4 13. Bf4 Bxc5 14. O-O f6 15. exf6 Nxf6 16. b4 Bb6 17. Qd2 Bg4 18. Ne5 Nxe5 19. Bxe5 Ne4 20. Bxe4 dxe4 21. Qa2+ Kh8 22. Nxe4 Qe8 23. Qb2 Qg6 24. Nc5 Bxc5 25. bxc5 Bf3 26. Bg3 Bc6 27. Rfe1 h5 28. h4 Rf5 29. Re5 Rxe5 30. Qxe5 Re8 31. Qg5 Qxg5 32. hxg5 Kh7 33. f3 Kg6 34. Re1 Rxe1+ 35. Bxe1 Kxg5 36. Kf2 Kf5 37. Bc3 g5 38. Ke3 g4 39. fxg4+ Kxg4 40. Kf2 Kf4 41. g3+ Ke4 42. Ke2 Bb5+ 43. Kd2 Kd5 44. Kc2 Kxc5 45. Kb2 Kc4 46. Be5 Bd7 47. Bb8 a6 48. Bc7 Kb5 49. Bd8 b6 50. Bc7 a5 51. Bd8 Ka6 52. Kc3 b5 53. Bc7 Be8 1/2-1/2

[Event "Tata Steel-A 77th"]
[Site "Wijk aan Zee"]
[Date "2015.01.21"]
[Round "10"]
[White "Ding, Liren"]
[Black "So, Wesley"]
[Result "1/2-1/2"]
[WhiteElo "2732"]
[BlackElo "2762"]
[PlyCount "51"]
[EventDate "2015.01.10"]
[EventType "tourn"]
[EventRounds "13"]
[EventCountry "NED"]
[EventCategory "20"]
[SourceTitle "CBM 165"]
[Source "ChessBase"]
[SourceDate "2015.03.11"]
[SourceVersion "1"]
[SourceVersionDate "2015.03.11"]
[SourceQuality "1"]

1. d4 d5 2. c4 e6 3. Nc3 Be7 4. cxd5 exd5 5. Bf4 c6 6. e3 Bf5 7. g4 Be6 8. h4 Bxh4 9. Qb3 g5 10. Be5 f6 11. Bh2 Bxg4 12. Qxb7 Qe7 13. Qxa8 Qxe3+ 14. Be2 Bxf2+ 15. Kf1 Bh4 16. Qxb8+ Kf7 17. Nd1 Bxe2+ 18. Nxe2 Qf3+ 19. Kg1 Qxe2 20. Bg3 Qg4 21. Kg2 Qe4+ 22. Kg1 Qg4 23. Kg2 $146 Qe4+ 24. Kg1 Qg4 {RR} 25. Kf2 Qf5+ 26. Kg1 {½-½ (24) Rahul,S (2397)-Yeritsyan,H (2196) Yerevan 2018} 1/2-1/2

[Event "EU-ch 16th"]
[Site "Jerusalem"]
[Date "2015.03.06"]
[Round "10"]
[White "Rodshtein, Maxim"]
[Black "Bartel, Mateusz"]
[Result "1/2-1/2"]
[WhiteElo "2660"]
[BlackElo "2631"]
[PlyCount "75"]
[EventDate "2015.02.24"]
[EventType "swiss"]
[EventRounds "11"]
[EventCountry "ISR"]
[SourceTitle "CBM 166"]
[Source "ChessBase"]
[SourceDate "2015.05.11"]
[SourceVersion "1"]
[SourceVersionDate "2015.05.11"]
[SourceQuality "1"]

1. d4 {ChessBase} d5 2. c4 c6 3. Nf3 e6 4. Nc3 dxc4 5. e3 b5 6. a4 Bb4 7. Bd2 a5 8. axb5 Bxc3 9. Bxc3 cxb5 10. b3 Bb7 11. bxc4 b4 12. Bb2 Nf6 13. c5 ({RR} 13. Bd3 O-O 14. O-O Nbd7 15. Nd2 ({RR} 15. Re1 Ne4 16. Nd2 Nxd2 17. Qxd2 Qc7 18. c5 f5 19. f3 Nf6 20. Bc4 Bd5 21. Bxd5 Nxd5 22. e4 fxe4 23. fxe4 Nf6 24. h3 Qc6 25. Qd3 a4 26. d5 exd5 27. Bxf6 Qxf6 28. Qxd5+ Qf7 29. c6 b3) 15... Qc7 16. f4 a4 17. Rb1 Rfd8 18. Qe2 b3 19. Ba1 Qd6 20. e4 Nc5 21. e5 Qc6 22. exf6 Nxd3 23. Qg4 g6 24. Rf3 b2 25. Qg5 bxa1=Q 26. Rxa1 Qb6 27. Rxd3 Rxd4) 13... O-O 14. Bb5 Bc6 ({RR} 14... Qd5) 15. Ba4 ({RR} 15. Bxc6 Nxc6 16. Qa4 Qc7 17. O-O Ne4) 15... Bxa4 16. Qxa4 Qd5 17. O-O Nc6 18. Rfd1 Rfc8 19. Ne5 ({RR} 19. Nd2 Ne4 20. Nf1 f5 21. Rac1 Ne7 22. f3 Nf6 23. Nd2 Qc6 24. Ra1 Qa6 25. Re1 Ned5 26. Rac1 Qc6 27. Ra1 f4 28. e4 Ne3 29. Rxe3 fxe3 30. Nc4 Nd7 31. e5 e2 32. Kf2 Nxc5 33. dxc5 e1=Q+) 19... Ne8 20. Nxc6 Rxc6 21. f3 f5 22. e4 ({RR} 22. Re1 Nf6 23. Qc2 b3 24. Qc3 a4 25. e4 Qd7 26. Qc4 fxe4 27. fxe4 Rcc8 28. Ba3 Rd8 29. Rad1 Qc6 30. Qd3 Rab8 31. Rd2 Rd7 32. h3) 22... fxe4 23. fxe4 Qxe4 24. Re1 Qd5 25. Re5 Qd7 26. d5 Rc7 ({RR} 26... exd5 27. Rae1 Rd8 28. Re7 Qc8 29. Qxa5) 27. d6 Qxa4 28. Rxa4 Rc6 29. Rxe6 Rxc5 30. d7 Kf7 ({RR} 30... Nc7 31. Re7 Kf8 32. Rxg7 Rc1+ 33. Bxc1 Kxg7 34. Rxa5 Rd8 35. Ra7) 31. dxe8=Q+ Rxe8 32. Rxe8 Kxe8 33. Bxg7 Kd7 $146 ({RR} 33... Kf7 34. Bd4 Rd5 35. Bh8 ({RR} 35. Bb6 b3 36. Bd4 Rxd4 37. Rxd4 Ke6 ({RR} 37... b2 38. Rd7+ Ke6 39. Rb7) 38. Rh4 ({RR} 38. Kf2 b2 39. Rd1 a4) 38... Kd5 39. Rxh7 a4 40. Rb7 Kc4 41. h4 a3 42. Ra7 b2 43. Rxa3 b1=Q+ 44. Kh2) 35... Rd8 36. Ba1 Rd1+ 37. Kf2 b3 38. Kf3 Rd2 39. Rf4+ ({RR} 39. Rxa5 b2 40. Bxb2 Rxb2 41. h4) 39... Kg8 40. Rg4+ Kf8 41. Bg7+ Kf7 42. Bh8 Rd8 ({RR} 42... Ke6) 43. Rg7+ ({RR} 43. Rf4+ Kg8 44. Be5 Rd5 45. Re4 a4 46. Bb2 Ra5 47. Ba3) 43... Ke6 44. Rxh7 a4 45. Rh6+ Kf7 46. Bb2 Rd2 47. Rh4 Rxb2 48. Rxa4 {L'Ami,E (2645)-Krasenkow,M (2640) Hoogeveen 2013 EXT 2014 [ChessBase] ½-½ (63)}) 34. Kf2 Kc6 35. Ra2 Kb5 36. Ke3 a4 37. Rf2 a3 38. Rf7 1/2-1/2

[Event "Washington op 3rd"]
[Site "Rockville"]
[Date "2014.08.13"]
[Round "8"]
[White "Zherebukh, Yaroslav"]
[Black "Azarov, Sergei Nikolaevich"]
[Result "0-1"]
[WhiteElo "2625"]
[BlackElo "2635"]
[PlyCount "82"]
[EventDate "2014.08.09"]
[EventType "swiss"]
[EventRounds "9"]
[EventCountry "USA"]
[SourceTitle "CBM 161 Extra"]
[Source "ChessBase"]
[SourceDate "2014.08.29"]
[SourceVersion "1"]
[SourceVersionDate "2014.08.29"]
[SourceQuality "1"]

1. c4 e6 2. Nc3 d5 3. d4 Be7 4. cxd5 exd5 5. Bf4 c6 6. Qc2 Bd6 7. Bxd6 Qxd6 8. e3 Nf6 9. h3 O-O 10. Bd3 b6 11. Nge2 Ba6 12. O-O-O $146 ({RR} 12. g4 Re8 13. O-O-O Bxd3 14. Qxd3 Ne4 15. Nxe4 dxe4 16. Qb3 Nd7 17. Kb1 Nf6 18. g5 Nd5 19. h4 a5 20. Rc1 a4 21. Qa3 Qe6 22. Nc3 Qf5 23. Nxd5 cxd5 24. Rc2 Rec8 25. Rhc1 Rxc2 26. Rxc2 Qh3 {Gonzalez Zamora,J (2534)-Gonzalez Garcia,J (2497) Merida 2012 ½-½ (38)}) 12... Bxd3 13. Qxd3 b5 14. g4 b4 15. Na4 Ne4 16. Rhf1 Nd7 17. Kb1 Nb6 18. Qc2 Nc4 19. Nf4 Rab8 20. Nd3 b3 21. Qc1 bxa2+ 22. Ka1 Na5 23. Nac5 Rb5 24. Qc2 Rfb8 25. Rfe1 Nxc5 26. Nxc5 Rxb2 27. Qxb2 Rxb2 28. Kxb2 Nc4+ 29. Ka1 Qh2 30. Re2 Qxh3 31. Rg1 Qh2 32. Rc1 Qg2 33. Rxa2 Qxg4 34. Rxa7 h5 35. Nd7 h4 36. Rb1 Qf3 37. Nf8 Qxf2 38. Ra8 Qxe3 39. Rbb8 Qxd4+ 40. Ka2 Qd2+ 41. Ka1 h3 0-1

[Event "Julius Baer Gen Cup D1 W"]
[Site "chess.com INT"]
[Date "2024.09.27"]
[Round "1.2"]
[White "Erigaisi, Arjun"]
[Black "Grischuk, A."]
[Result "1-0"]
[WhiteElo "2778"]
[BlackElo "2689"]
[PlyCount "83"]
[EventDate "2024.09.27"]
[EventType "k.o."]

1. d4 d5 2. c4 e6 3. Nc3 Be7 4. Nf3 Nf6 5. cxd5 exd5 6. Bf4 c6 7. h3 Bf5 8. e3 Qb6 9. Bd3 Bxd3 10. Qxd3 Nbd7 ({RR} 10... O-O 11. O-O Nbd7 12. Qc2 a5 13. Ne1 Qa6 14. Nd3 a4 15. Rfc1 Rfe8 16. Qd1 Bf8 17. b4 axb3 18. axb3 Qb6 19. b4 Ne4 20. Rxa8 Rxa8 21. Nxe4 dxe4 22. Nc5 Nf6 23. Be5 Nd5 24. Nxe4 Qxb4 25. Nc5 {Carlsen,M (2839)-Abdusattorov,N (2771) Riyadh KSA 2025 1-0 (57)}) ({RR} 10... O-O 11. O-O Nbd7 12. Rab1 a5 13. Qc2 Qa6 14. Ne5 Rfe8 15. Ne2 Nxe5 16. Bxe5 Nd7 17. Bf4 Bf8 18. Nc1 Nf6 19. Nd3 Ne4 20. Rfe1 Qb6 21. Ne5 Qd8 22. a3 a4 23. Nd3 Qa5 24. Red1 Bd6 25. Be5 {Li Xueyi (2202)-Postnikov,A (2252) Pozarevac SRB 2026 0-1 (64)}) 11. O-O-O $146 ({RR} 11. O-O O-O 12. Rab1 Rfe8 13. b4 a6 14. Rfc1 Bf8 15. Na4 Qd8 16. Nc5 Qc8 17. a4 Nb6 18. Nd2 Nbd7 19. Nxd7 Qxd7 20. b5 axb5 21. axb5 Rec8 22. bxc6 Rxc6 23. Be5 Ra3 24. Qe2 Ra2 25. Qd1 Ne8 {Mekhitarian,K (2554)-Sjugirov,S (2695) chess.com INT 2024 1-0 (35)}) ({RR} 11. O-O O-O 12. Rab1 a5 13. Qc2 Qa6 14. Rfc1 Rfe8 15. Ne1 a4 16. Nd3 Bf8 17. Re1 Qc4 18. Rbc1 Ne4 19. Qb1 Nd2 20. Qc2 Ne4 21. Qe2 Nxc3 22. bxc3 a3 23. Rc2 Ra5 24. Rd1 Rb5 25. Qg4 Re6 {Erigaisi,A (2782)-Nepomniachtchi,I (2757) chess.com INT 2025 ½-½ (68)}) 11... O-O 12. Nh4 g6 13. Nf3 Rfe8 14. h4 h5 15. Ng5 Bb4 16. f3 Qa5 17. Kb1 Bxc3 18. Qxc3 Qxc3 19. bxc3 Nb6 20. Rhe1 Nc4 21. e4 dxe4 22. fxe4 Rad8 23. Kc2 Ng4 24. Re2 f6 25. Nf3 Rd7 26. a4 a5 27. Kb3 b5 28. d5 Nb6 29. axb5 cxb5 30. d6 Rc8 31. Nd4 Rc5 32. Ra2 Ne5 33. Rxa5 Rxd6 34. Rda1 Nbc4 35. Ra8+ Kf7 36. Rh8 Rd7 37. Raa8 Ke7 38. Rh7+ Nf7 39. Ra6 Nce5 40. Re6+ Kf8 41. Rxf6 Kg8 42. Ne6 1-0

[Event "15th Nat Games Ind Prelim"]
[Site "Huairou District CHN"]
[Date "2025.06.13"]
[Round "7.12"]
[White "Yu Yangyi"]
[Black "Lu Shanglei"]
[Result "1/2-1/2"]
[WhiteElo "2714"]
[BlackElo "2647"]
[PlyCount "62"]
[EventDate "2025.06.11"]
[WhiteTeam "Beijing"]
[BlackTeam "Zhejiang Province"]

1. d4 d5 2. c4 e6 3. Nc3 h6 4. cxd5 exd5 5. Bf4 Nf6 6. e3 Bd6 7. Bxd6 Qxd6 8. Bd3 O-O 9. Nge2 Re8 ({RR} 9... b6 10. O-O c5 11. dxc5 bxc5 12. Rc1 Nbd7 13. Ng3 Ne5 14. Be2 Rd8 15. Qa4 Qb6 16. Qa3 Bd7 17. f4 Ng6 18. Bf3 Ne7 19. Rfd1 Bc6 20. Nce2 Nd7 21. Bg4 Rac8 22. Kh1 Bb7 23. Nc3 Bc6 24. Nce2 {Lazavik,D (2605)-Yu Yangyi (2717) chess.com INT 2026 ½-½ (36)}) 10. O-O c6 11. Ng3 a5 $146 ({RR} 11... b6 12. Rc1 Ba6 13. Re1 Bxd3 14. Qxd3 Nbd7 15. Rcd1 h5 16. f3 g6 17. e4 dxe4 18. fxe4 h4 19. Nf1 Qf4 20. e5 Ng4 21. Rd2 Rad8 22. Re4 Qg5 23. Qf3 Nh6 24. Rf2 c5 25. Qh3 cxd4 26. Rxd4 {Gordon,S (2451)-Ankit Ray (2181) Hua Hin THA 2026 ½-½ (32)}) ({RR} 11... Nbd7 12. Nf5 Qf8 13. Qf3 g6 14. Ng3 Kg7 15. h4 h5 16. Qf4 Nb6 17. Rae1 Be6 18. Qg5 Rad8 19. Nce2 Nh7 20. Qf4 Nc8 21. f3 Qd6 22. Qxd6 Nxd6 23. b3 Nf8 24. Nf4 Bd7 25. e4 dxe4 26. fxe4 {Kalogridis,A (2333)-Stamatiou,R (2308) Thessaloniki GRE 2024 1-0 (48)}) 12. Re1 Na6 13. Qd2 Bd7 14. Rad1 Nc7 15. Na4 Qb4 16. Qc2 Ne6 17. a3 Qd6 18. Nb6 Ra7 19. Nf5 Qc7 20. Nxd7 Qxd7 21. f3 h5 22. Qf2 g6 23. Qg3 Qc7 24. Qh4 Qd8 25. Qg3 Qc7 26. Qe5 Nd7 27. Nh6+ Kf8 28. Qh8+ Ke7 29. Qh7 Rf8 30. Ng8+ Kd8 31. f4 Qd6 1/2-1/2

[Event "Tata Steel-B 78th"]
[Site "Wijk aan Zee"]
[Date "2016.01.24"]
[Round "8"]
[White "L'Ami, Erwin"]
[Black "Adhiban, Baskaran"]
[Result "1/2-1/2"]
[WhiteElo "2627"]
[BlackElo "2653"]
[PlyCount "97"]
[EventDate "2016.01.16"]
[EventType "tourn"]
[EventRounds "13"]
[EventCountry "NED"]
[EventCategory "13"]
[SourceTitle "CBM 171"]
[Source "ChessBase"]
[SourceDate "2016.03.14"]
[SourceVersion "2"]
[SourceVersionDate "2016.03.14"]
[SourceQuality "1"]

1. d4 d5 2. c4 e6 3. Nc3 c6 4. e4 dxe4 5. Nxe4 Bb4+ 6. Nc3 e5 7. a3 Bxc3+ 8. bxc3 Qa5 9. Bd2 Nf6 10. Nf3 Nbd7 11. Be2 ({RR} 11. h3 O-O 12. Be2 Ne4 13. Qc2 Nxd2 14. Qxd2 Re8 15. Ra2 c5 16. O-O exd4 17. cxd4 Qxd2 18. Rxd2 Nf6 19. d5 Ne4 20. Rb2 Nd6 21. Bd3 Bd7 22. Nd2 Re7 23. f3 Re3 24. Ne4 Nxe4 25. Bxe4 b6 {Ebrahimi Herab,H (2374)-Umarov,B (2317) Manisa TUR 2026 0-1 (44)}) ({RR} 11. h3 O-O 12. Be2 Ne4 13. Qc2 Nxd2 14. Qxd2 Re8 15. c5 b6 16. cxb6 axb6 17. O-O e4 18. Ne1 Nf6 19. Nc2 h6 20. a4 Qf5 21. Rfb1 Qg6 22. Kh1 Ra5 23. Ne3 Nd5 24. Nc4 Rxa4 25. Rxa4 e3 {Docx,S (2450)-Adhiban,B (2630) Caleta 2015 0-1 (47)}) 11... O-O 12. O-O Ne4 13. Re1 Rd8 $146 ({RR} 13... Nxc3 14. Bf1 Nxd1 15. Bxa5 Nb2 16. Bb4 Re8 17. a4 Nb6 18. Nxe5 Be6 19. a5 N6xc4 20. a6 Nxe5 21. axb7 Rab8 22. dxe5 Rxb7 23. Bc5 Bc4 24. Rab1 Bxf1 25. Kxf1 Rb5 26. Bxa7 Nc4 27. Bd4 Nd2+ {0-1 (27) Dreev,A (2623)-Smirnov,P (2544) Chess.com INT 2022}) ({RR} 13... Nxc3 14. Bf1 Nxd1 15. Bxa5 Nb2 16. Bb4 Re8 17. a4 Nb6 18. Nxe5 Be6 19. a5 N6xc4 20. a6 Nxe5 21. axb7 Rab8 22. dxe5 Rxb7 23. Bc5 Bc4 24. Rab1 Bxf1 25. Kxf1 Rb5 26. Bxa7 Nc4 27. Bd4 Nd2+ {0-1 (27) Dreev,A (2623)-Smirnov,P (2544) Chess.com INT 2022}) 14. Bf1 Nxd2 15. Qxd2 exd4 16. cxd4 Qxd2 17. Nxd2 Nf8 18. Nb3 Bf5 19. Rac1 Ne6 20. Red1 Rd6 21. Rd2 Rad8 22. Rcd1 b6 23. f3 h5 24. h4 a5 25. a4 c5 26. d5 Nc7 27. Bd3 Bd7 28. Ra1 Rf6 29. Kf2 Ne8 30. Re2 Nd6 31. Nd2 Rf4 32. Ne4 Bf5 33. g3 Bxe4 34. Bxe4 Rf6 35. Bd3 Kf8 36. Re5 g6 37. f4 Re8 38. Kg2 Re7 39. Rae1 Nc8 40. R1e3 Rd6 41. f5 Rf6 42. Rxe7 Nxe7 43. fxg6 fxg6 44. Rf3 Kg7 45. Re3 Kf7 46. Re2 Nc8 47. Rb2 Ke7 48. Re2+ Kf7 49. Rb2 1/2-1/2

[Event "CRO-ch 13th"]
[Site "Porec"]
[Date "2016.01.22"]
[Round "4"]
[White "Kozul, Zdenko"]
[Black "Saric, Ivan"]
[Result "1/2-1/2"]
[WhiteElo "2602"]
[BlackElo "2654"]
[PlyCount "124"]
[EventDate "2016.01.19"]
[EventType "tourn"]
[EventRounds "11"]
[EventCountry "CRO"]
[EventCategory "13"]
[SourceTitle "CBM 171"]
[Source "ChessBase"]
[SourceDate "2016.03.14"]
[SourceVersion "2"]
[SourceVersionDate "2016.03.14"]
[SourceQuality "1"]

1. d4 d5 2. c4 c6 3. e3 Nf6 4. Nc3 e6 5. Bd3 dxc4 6. Bxc4 b5 7. Be2 Bb7 ({RR} 7... a6 8. g4 Bb7 9. Bf3 Be7 10. Nge2 O-O 11. Ng3 Qc7 12. g5 Nfd7 13. e4 c5 14. d5 Bd6 15. O-O Nb6 16. dxe6 fxe6 17. Bg4 Re8 18. f4 Nc6 19. Be3 Rad8 20. Qf3 Nc4 21. Bc1 Nd4 22. Qf2 {Maghsoodloo,P (2691)-Kodihalli,K (2038) chess.com INT 2025 1-0 (41)}) 8. Bf3 a6 9. Bd2 Nbd7 10. Rc1 $146 ({RR} 10. a3 Bd6 11. Nge2 O-O 12. O-O e5 13. b4 Re8 14. Ng3 g6 15. Nce4 Bc7 16. Qc2 exd4 17. exd4 Nd5 18. Bg5 Qb8 19. Nc5 Nxc5 20. dxc5 a5 21. Bxd5 cxd5 22. Bf6 Ra6 23. Bd4 Rae6 24. Qc3 axb4 {Riazantsev,A (2708)-Al Sayed,M (2498) Khanty-Mansiysk 2013 1-0 (38)}) 10... Qb6 11. Ne4 Nxe4 12. Bxe4 c5 13. Bxb7 Qxb7 14. Qf3 Qxf3 15. Nxf3 Rc8 16. dxc5 Rxc5 17. Ke2 f6 18. Nd4 Kf7 19. Nb3 Rxc1 20. Rxc1 Bd6 21. Rc6 Bxh2 22. Rxa6 Rc8 23. Nd4 Be5 24. Ra7 Ke7 25. Kd3 Bxd4 26. exd4 e5 27. Bb4+ Ke8 28. Rb7 exd4 29. Rxb5 Ne5+ 30. Kxd4 Rc2 31. Bc3 Rxf2 32. Kd5 Nd3 33. Rb8+ Kd7 34. Rb7+ Kc8 35. Rxg7 Rxg2 36. Rxg2 Nf4+ 37. Ke4 Nxg2 38. Bxf6 h5 39. Bc3 h4 40. Kf3 h3 41. Kg3 Ne3 42. b3 Nd5 43. Bd2 Kd7 44. Kxh3 Kd6 45. Kg4 Ke5 46. Kf3 Kd4 47. Ke2 Ke4 48. Kd1 Kd3 49. Kc1 Nb6 50. Be1 Nc4 51. Bb4 Nb6 52. Kb1 Nc4 53. a3 Nb6 54. Ka2 Na4 55. Be1 Nc5 56. Bf2 Ne4 57. a4 Nxf2 58. a5 Ne4 59. a6 Nc3+ 60. Ka3 Nb5+ 61. Kb4 Nc7 62. Ka5 Nxa6 1/2-1/2